000 00415nam a2200157Ia 4500
008 210716s2003 xx 000 0 und d
020 _a8129700123
041 _aeng
082 _a658.8 ARMG
100 _aArmstrong, Gary;Kotler, Philip.
245 _aMarketing: an introduction.
_bIntroduction.
250 _a7
260 _aNew Delhi
_bPearson Education
_c2003
300 _a605,I16/2007
650 _aMarketing
999 _c206407
_d206407